000 00910cab a2200253 4500
001 ABS49418
008 090401t1993 xxu||||| |||| 00| 0 eng d
035 _a(Sirsi) u71161
041 _aeng
100 _aPowell-Smith, V.P.
245 _aLAD clauses are here to stay after Australian case
260 _c1993
350 _a0
490 _aContract Journal
_v370(5945) 7 October 1993, 10(1)
520 _aLAD (liquidation damages) clauses, especially clauses which have been specifically designed, look set to become part of the contract process after the important Australian case "Multiplex Construction Pty Ltd v Abgarus Pty Ltd".
650 _aAUSTRALIA
650 _aBUILT ENVIRONMENT-BUILDING CONTRACT FORMS
650 _aCLAIMS
650 _aCONTRACT CLAIMS
650 _aLIQUIDATION DAMAGES
690 _aBUILT ENVIRONMENT-BUILDING CONTRACT FORMS
942 _n0
948 _c04/03/1997
999 _c44826
_d44826